[Event "6th Amplico AIG Life"]
[Site "Warsaw POL"]
[Date "2006.12.16"]
[Round "2"]
[White "McShane,L"]
[Black "Leks,H"]
[Result "1-0"]
[WhiteElo "2614"]
[BlackElo "2212"]

1.d4 Nf6 2.c4 d6 3.Nf3 Nbd7 4.Nc3 e5 5.e4 c6 6.Be2 g6 7.O-O Bg7 8.Qc2 O-O
9.Rd1 Qc7 10.b3 exd4 11.Nxd4 a5 12.Bf4 Ne5 13.Kh1 b6 14.f3 Nh5 15.Be3 Re8
16.Qd2 f5 17.exf5 gxf5 18.Bh6 Bxh6 19.Qxh6 Ng7 20.Ndb5 cxb5 21.Nd5 Qd8 22.Nf6+ Kf7
23.Nxe8 Qxe8 24.Rxd6 Qe7 25.cxb5 Be6 26.Rad1 Rc8 27.Qe3 Nd7 28.Qd4 Nc5 29.Rxb6 Ne8
30.Rc6 Rxc6 31.bxc6 Bc8 32.Bc4+ Ne6 33.Qh8 Kg6 34.Re1  1-0

[Event "6th Amplico AIG Life"]
[Site "Warsaw POL"]
[Date "2006.12.16"]
[Round "4"]
[White "McShane,L"]
[Black "Kuznetsov,G"]
[Result "1-0"]
[WhiteElo "2614"]
[BlackElo "2131"]

1.e4 e5 2.Nf3 Nc6 3.Bb5 a6 4.Ba4 Nf6 5.O-O Be7 6.Re1 b5 7.Bb3 d6 8.c3 O-O
9.h3 h6 10.d4 Re8 11.Nbd2 Bb7 12.Nf1 Qd7 13.Ng3 Bf8 14.Bc2 g6 15.b3 Bg7 16.d5 Ne7
17.c4 c6 18.Bb2 cxd5 19.cxd5 Rec8 20.Bd3 Qc7 21.Qd2 Qb6 22.a4 bxa4 23.bxa4 a5
24.Ba3 Ne8 25.Rab1 Qa7 26.Bb5 Ba6 27.Bxe8 Rxe8 28.Bxd6 Nc8 29.Ba3 Qd7 30.Bc5 Qxa4
31.Ra1 Qd7 32.Rxa5 Nd6 33.Ra2 Bc4 34.Rxa8 Rxa8 35.Qb4 Ra4 36.Qb8+ Ne8 37.Rb1 Kh7
38.Rb7 Ra1+ 39.Kh2 Qa4 40.Rxf7 Bxd5 41.Ra7 Qd1 42.Rxa1 Qxa1 43.Qxe8 Bg8 44.Bf8  1-0

[Event "6th Amplico AIG Life"]
[Site "Warsaw POL"]
[Date "2006.12.16"]
[Round "5"]
[White "Limontas,M"]
[Black "McShane,L"]
[Result "0-1"]
[WhiteElo "2306"]
[BlackElo "2614"]

1.d4 Nf6 2.c4 g6 3.Nc3 Bg7 4.e4 d6 5.f4 O-O 6.Nf3 Na6 7.Bd3 e5 8.fxe5 dxe5
9.d5 c6 10.O-O Ne8 11.Qe2 Qe7 12.Bg5 f6 13.Bh4 Bd7 14.a3 c5 15.h3 Nd6 16.Rab1 b6
17.b4 Rac8 18.b5 Nc7 19.a4 Nb7 20.Nd2 Ra8 21.g4 Bh6 22.Bg3 Ne8 23.Nf3 Ned6
24.Kh2 a6 25.bxa6 Rxa6 26.Bc2 Nf7 27.Rb2 Nbd6 28.Rfb1 Qd8 29.Bf2 Bf4+ 30.Kg2 Qc7
31.Bh4 Kg7 32.Bf2 Rh8 33.Rh1 h5 34.gxh5 Rxh5 35.Bg3 Bxg3 36.Kxg3 Ra8 37.Qf1 Rah8
38.Ng1 Rh4 39.Bd3 Ng5 40.Re2  0-1

[Event "6th Amplico AIG Life"]
[Site "Warsaw POL"]
[Date "2006.12.16"]
[Round "6"]
[White "McShane,L"]
[Black "Zapolskis,A"]
[Result "1-0"]
[WhiteElo "2614"]
[BlackElo "2377"]

1.e4 c5 2.Nf3 Nc6 3.Bb5 g6 4.Bxc6 dxc6 5.d3 Bg7 6.h3 Nf6 7.Nc3 O-O 8.Bf4 Qb6
9.Rb1 Qa5 10.O-O b5 11.a3 b4 12.axb4 cxb4 13.Ne2 Nh5 14.Be3 c5 15.Qd2 Rd8
16.Bh6 Bh8 17.Qg5 Qc7 18.Qh4 a5 19.g4 Nf6 20.Bf4 Qb6 21.e5 Nd5 22.Ng5 h5
23.gxh5 Bf5 24.Ng3 Nxf4 25.Qxf4 Rd4 26.Qf3 Rf8 27.Nxf5 gxf5 28.Qxf5 Qh6 29.f4 Qxh5
30.Ra1 e6 31.Qg4 Qxg4+ 32.hxg4 Ra8 33.b3 Ra6 34.Ra4 f6 35.Ne4  1-0

[Event "6th Amplico AIG Life"]
[Site "Warsaw POL"]
[Date "2006.12.16"]
[Round "7"]
[White "Firman,N"]
[Black "McShane,L"]
[Result "0-1"]
[WhiteElo "2495"]
[BlackElo "2614"]

1.e4 e5 2.Nf3 Nc6 3.Bb5 Nf6 4.d3 Bc5 5.Be3 Bxe3 6.fxe3 Ne7 7.Nc3 c6 8.Ba4 Ng6
9.Qd2 O-O 10.Bb3 b5 11.a4 b4 12.Ne2 a5 13.h4 h5 14.Ng3 d5 15.Ng5 Bg4 16.Qf2 Ra7
17.Kd2 Nd7 18.exd5 Nc5 19.dxc6 Nxb3+ 20.cxb3 f6 21.N5e4 Qd5 22.Rhc1 Rc7 23.Rc5 Qxb3
24.Ke1 f5 25.Nd6 f4 26.Nge4 fxe3 27.Qxe3 Nf4 28.Kd2 Qxb2+ 29.Rc2 Qxa1 30.Rc1 Qa2+
31.Rc2 Qd5 32.Rc5 Qe6 33.Nc4 Nd5 34.Qe1 Nc3 35.Ng5 Qf6 36.Nxe5 Qf4+ 37.Kc2 Bd1+  0-1

[Event "6th Amplico AIG Life"]
[Site "Warsaw POL"]
[Date "2006.12.17"]
[Round "9"]
[White "Zezulkin,J"]
[Black "McShane,L"]
[Result "0-1"]
[WhiteElo "2448"]
[BlackElo "2614"]

1.e4 c5 2.Nc3 Nc6 3.Nf3 Nf6 4.Bb5 Qc7 5.O-O Nd4 6.Nxd4 cxd4 7.Nd5 g6 8.d3 Nxd5
9.exd5 h6 10.Qf3 Bg7 11.Bf4 Qc5 12.Ba4 Kf8 13.Rfe1 d6 14.c4 dxc3 15.bxc3 Bf6
16.d4 Qc7 17.Rac1 Bd7 18.Bc2 b5 19.h4 Kg7 20.Qg3 Qc8 21.h5 g5 22.Be5 dxe5
23.dxe5 Qc5 24.exf6+ exf6 25.d6 Rae8 26.Qd3 f5 27.Bb3 a5 28.a3 a4 29.Ba2 Re5
30.Rxe5 Qxe5 31.c4 Rc8 32.Qd2 bxc4 33.Bxc4 Rc6 34.Re1 Qxd6 35.Qb2+ Qf6 36.Qb4 Rd6
37.Qb8 Rd4 38.Qc7 Qd6 39.Qxd6 Rxd6 40.Re7 Be6 41.Bxe6 Rxe6 42.Ra7 Re4 43.f3 Rc4
44.Ra6 g4 45.Kf2 Rd4 46.Kg3 Rc4 47.Kf2 Kh7 48.Rf6 Kg8 49.Ra6 Kg7 50.Kg3 gxf3
51.gxf3 Rd4 52.f4 Rd3+ 53.Kh4 Rxa3 54.Ra5 Ra1 55.Rxf5 a3  0-1

[Event "6th Amplico AIG Life"]
[Site "Warsaw POL"]
[Date "2006.12.17"]
[Round "10"]
[White "McShane,L"]
[Black "Gyimesi,Z"]
[Result "1-0"]
[WhiteElo "2614"]
[BlackElo "2616"]

1.e4 e5 2.Nf3 Nc6 3.Bb5 a6 4.Ba4 Nf6 5.O-O Be7 6.Re1 b5 7.Bb3 O-O 8.d3 d6
9.a3 Na5 10.Ba2 c5 11.Nbd2 Nc6 12.h3 Be6 13.Bxe6 fxe6 14.Nf1 Nd7 15.c3 Bf6
16.Be3 d5 17.b4 d4 18.Bd2 Qe7 19.Qb3 dxc3 20.Bxc3 Nd4 21.Bxd4 cxd4 22.Ng3 Nb6
23.Rac1 Rac8 24.Ne2 Na4 25.g3 Qf7 26.Rxc8 Rxc8 27.Rc1 Rf8 28.Kh1 Qd7 29.Qc2 Ra8
30.h4 a5 31.bxa5 Rxa5 32.g4 Ra8 33.g5 Be7 34.Nxe5 Qd6 35.f4 Nb6 36.Qb3 Rc8
37.Rxc8+ Nxc8 38.Qxb5 Bf8 39.Qe8 Nb6 40.a4 Qe7 41.Qc6 Qd6 42.a5 Qxc6 43.Nxc6 Na8
44.Nexd4 Nc7 45.Kg2 Bc5 46.Kf3 Kf7 47.Ne5+ Ke7 48.Ndc6+ Kd6 49.d4 Ba3 50.Na7 Bb4
51.Nc8+  1-0

[Event "6th Amplico AIG Life"]
[Site "Warsaw POL"]
[Date "2006.12.17"]
[Round "11"]
[White "Kempinski,R"]
[Black "McShane,L"]
[Result "0-1"]
[WhiteElo "2590"]
[BlackElo "2614"]

1.d4 b6 2.e4 Bb7 3.Nc3 e6 4.Bd3 g6 5.Nf3 Bg7 6.O-O Ne7 7.Bf4 d6 8.Qd2 h6
9.h3 Nd7 10.Rfe1 a6 11.a4 g5 12.Bg3 Ng6 13.Rad1 O-O 14.Bc4 Kh8 15.Nh2 Nf6
16.Ng4 Nh5 17.Bh2 Nh4 18.Ne3 Nf4 19.Kh1 f5 20.d5 fxe4 21.dxe6 Nfxg2 22.e7 Qxe7
23.Nxg2 Nf3 24.Qe3 Qd7 25.Be2 Qxh3 26.Bxf3 exf3  0-1

[Event "6th Amplico AIG Life"]
[Site "Warsaw POL"]
[Date "2006.12.17"]
[Round "13"]
[White "Shirov,A"]
[Black "McShane,L"]
[Result "1-0"]
[WhiteElo "2720"]
[BlackElo "2614"]

1.e4 c5 2.Nf3 Nc6 3.Bb5 g6 4.Bxc6 dxc6 5.d3 Bg7 6.h3 Nf6 7.Nc3 Nd7 8.Be3 e5
9.Qd2 h6 10.Nh2 Qe7 11.f4 exf4 12.Bxf4 Ne5 13.O-O Be6 14.Qf2 b6 15.Qg3 Bd7
16.Nf3 Nxf3+ 17.Rxf3 Bd4+ 18.Kh1 Be6 19.Bc7 g5 20.Raf1 g4 21.hxg4 h5 22.g5 h4
23.Qh2 h3 24.gxh3 Qxg5 25.Ne2 Bxb2 26.c3 Qe7 27.Bd6 Qd7 28.Rxf7 Qxf7 29.Rxf7 Rxh3
30.Rf8+ Kd7 31.Rxa8  1-0

[Event "Bundesliga 2006-7"]
[Site "Berlin GER"]
[Date "2007.02.03"]
[Round "8"]
[White "McShane,L"]
[Black "Aronian,L"]
[Result "0-1"]
[WhiteElo "2615"]
[BlackElo "2744"]

1.e4 e5 2.Nf3 Nc6 3.Bb5 a6 4.Ba4 Nf6 5.O-O Be7 6.Re1 b5 7.Bb3 O-O 8.h3 Bb7
9.d3 d6 10.a3 Na5 11.Ba2 c5 12.Nbd2 Nc6 13.Nf1 Bc8 14.Bg5 Be6 15.Bxe6 fxe6
16.c3 Nd7 17.Bd2 Qe8 18.a4 b4 19.a5 Qg6 20.Ng3 Rab8 21.Qa4 Rfc8 22.cxb4 cxb4
23.Be3 Rb5 24.Rec1 Qe8 25.Qb3 Bf8 26.Rc2 Nc5 27.Bxc5 dxc5 28.Rcc1 Rd8 29.Nf1 Qd7
30.Rd1 Bd6 31.Ne3 Rf8 32.Nd2 Nd4 33.Qc4 Ne2+ 34.Kf1 Qf7 35.f3 Nf4 36.h4 Qg6
37.Kf2 Nh5 38.Rh1 Qh6 39.Ndf1 Be7 40.b3 Rd8 41.g3 Rd4 42.Qc2 Rb8 43.Nc4 Rf8
44.Re1 Qf6 45.Qe2 Bd8 46.Rh3 Bc7 47.Rd1 Qd8 48.Nfe3 Bxa5 49.Nc2 Rd7 50.Nxe5 Rb7
51.f4 Nf6 52.Ne3 Bc7 53.Nf3 a5 54.Ra1 Ra7 55.Qc2 Bb8 56.Rhh1 h6 57.Nc4 Ng4+
58.Ke2 Nf6 59.Rhg1 Nd7 60.Ne3 Bd6 61.Ra2 Qe8 62.Raa1 Nb6 63.Nc4 Nxc4 64.Qxc4 Qg6
65.Ra4 Qg4 66.Qc1 e5 67.f5 c4 68.bxc4 Bc5 69.Rg2 Rxf5 70.exf5 e4  0-1

[Event "Bundesliga 2006-7"]
[Site "Berlin GER"]
[Date "2007.02.04"]
[Round "9"]
[White "Rabiega,R"]
[Black "McShane,L"]
[Result "1-0"]
[WhiteElo "2529"]
[BlackElo "2615"]

1.e4 c5 2.c3 Nf6 3.e5 Nd5 4.Nf3 Nc6 5.d4 cxd4 6.cxd4 d6 7.Bc4 e6 8.O-O Be7
9.Qe2 O-O 10.Qe4 Bd7 11.exd6 Bxd6 12.Bxd5 exd5 13.Qxd5 Bg4 14.Nc3 Re8 15.Ng5 Bh5
16.Nge4 Bxh2+ 17.Kxh2 Qxd5 18.Nf6+ gxf6 19.Nxd5 Kg7 20.Nc7 Nxd4 21.Nxa8 Rxa8
22.Bd2 Be2 23.Rfc1 Ne6 24.Rc3 h5 25.Rg3+ Kh7 26.Re1 Bc4 27.Re4 Bxa2 28.Rh4 Ng7
29.Bc3 Kh6 30.Bd2+ Kh7 31.Bc3 Kh6 32.Rf4 Bb1 33.Rxf6+ Bg6 34.Re3 Nf5 35.Re5 Kg5
36.Rd6 Kf4 37.g3+ Kf3 38.Rd3+ Kg4 39.Bd2  1-0

[Event "Bundesliga 2006-7"]
[Site "Werder Bremen GER"]
[Date "2007.02.25"]
[Round "11"]
[White "McShane,L"]
[Black "Macieja,B"]
[Result "1/2-1/2"]
[WhiteElo "2615"]
[BlackElo "2629"]

1.e4 e5 2.Nf3 Nf6 3.Nxe5 d6 4.Nf3 Nxe4 5.Qe2 Qe7 6.d3 Nf6 7.Bg5 Nbd7 8.Nc3 Qxe2+
9.Bxe2 h6 10.Bf4 Nb6 11.O-O-O Bd7 12.d4 g6 13.Nd2 Bg7 14.Nc4 Nxc4 15.Bxc4 O-O
16.Rhe1 Rfe8 17.Nb5 Rxe1 18.Rxe1 Re8 19.Rxe8+ Nxe8 20.c3 a6 21.Na3 Kf8 22.Be2 d5
23.Nc2 Ke7 24.Nb4 c6 25.Nd3 Nd6 26.Nc5 Bc8 27.h4 Bf6 28.Bxh6 Bxh4 29.g3 Bf6
30.Bf4 g5 31.Be3 Kd8 32.g4 Be7 33.f4 Nc4 34.Bxc4 gxf4 35.Bxf4 dxc4 36.g5  1/2-1/2

[Event "Varsity Oxford-Cambridge"]
[Site "London ENG"]
[Date "2007.03.10"]
[Round "1"]
[White "McShane,L"]
[Black "Hodge,D"]
[Result "1-0"]
[WhiteElo "2615"]
[BlackElo "2183"]

1.d4 d5 2.c4 e6 3.Nc3 Nf6 4.cxd5 exd5 5.Bg5 c6 6.e3 Be7 7.Bd3 O-O 8.Qc2 Nbd7
9.Nf3 Re8 10.O-O h6 11.Bh4 Ne4 12.Bxe4 Bxh4 13.Bh7+ Kh8 14.Bd3 Be7 15.Rae1 Bd6
16.e4 dxe4 17.Nxe4 Be7 18.Bc4 Rf8 19.Bb3 Nf6 20.Ne5 Nd5 21.Nc3 Be6 22.Ng6+ fxg6
23.Rxe6 Nf4 24.Ree1 Bb4 25.g3 Bxc3 26.bxc3 Qg5 27.Re5 Rf5 28.Qe4 Qg4 29.Kh1 Qh3
30.Re1 Nd5 31.f4 Nf6 32.Qg2 Qxg2+ 33.Kxg2 Nd5 34.c4 Nb6 35.Re8+ Rf8 36.Rxa8 Rxa8
37.Re7 Rd8 38.c5 Nd5 39.Rxb7 Ne3+ 40.Kf2 Ng4+ 41.Ke2 a5 42.d5 a4 43.Bxa4 Rxd5
44.Rb8+ Kh7 45.Bb3 Rxc5 46.Bg8+ Kh8 47.Be6+ Kh7 48.Bxg4 Rc2+ 49.Kf3 Rxa2
50.h3 Ra3+ 51.Kf2 c5 52.Rc8 Rc3 53.Rc6 h5 54.Bf3 Rc2+ 55.Be2 Rc3 56.h4  1-0

[Event "Bundesliga 2006-7"]
[Site "Hamburg GER"]
[Date "2007.03.17"]
[Round "12"]
[White "Fressinet,L"]
[Black "McShane,L"]
[Result "1-0"]
[WhiteElo "2646"]
[BlackElo "2615"]

1.Nf3 Nf6 2.c4 g6 3.Nc3 Bg7 4.e4 d6 5.d4 O-O 6.Be2 e5 7.Be3 Na6 8.O-O Ng4
9.Bg5 f6 10.Bc1 f5 11.exf5 exd4 12.Bg5 Qe8 13.Nd5 gxf5 14.Re1 Kh8 15.Nxd4 Qg6
16.Be7 Rg8 17.h3 Nf6 18.Bf3 Ne4 19.Bh5 Qh6 20.Bf7 Bd7 21.f4 Nac5 22.b4 Ba4
23.Nxf5 Bxd1 24.Nxh6 Bxa1 25.Rxd1 c6 26.Rxa1 Nd3 27.Bxg8  1-0

[Event "Bundesliga 2006-7"]
[Site "Hamburg GER"]
[Date "2007.03.18"]
[Round "13"]
[White "McShane,L"]
[Black "Vaganian,R"]
[Result "1-0"]
[WhiteElo "2615"]
[BlackElo "2590"]

1.e4 e6 2.d4 d5 3.Nd2 c5 4.Ngf3 Nc6 5.exd5 exd5 6.Bb5 Bd6 7.dxc5 Bxc5 8.O-O Ne7
9.Nb3 Bd6 10.h3 O-O 11.Bd3 h6 12.Be3 Nf5 13.Bc5 Bxc5 14.Nxc5 Qb6 15.Nb3 Rd8
16.Qd2 a5 17.a4 Nb4 18.Nbd4 Nxd4 19.Nxd4 Qf6 20.Rfd1 Nc6 21.Be2 Qg6 22.Bd3 Qf6
23.Bf1 Qg6 24.Ra3 Nxd4 25.Qxd4 Qxc2 26.Rc3 Qh7 27.Re1 Bf5 28.Re7 g5 29.Rcc7 Bg6
30.Rxb7 Qg7 31.Re5 Rac8 32.Rb5 Rc1 33.Rbxd5 Rxd5 34.Qxd5 Qf6 35.Qxa5 Rb1
36.Qc3 Kg7 37.a5 Ra1 38.b4 Ra2 39.Re3  1-0

[Event "Bundesliga 2006-7"]
[Site "Baden Baden GER"]
[Date "2007.04.01"]
[Round "15"]
[White "Laznicka,V"]
[Black "McShane,L"]
[Result "1-0"]
[WhiteElo "2593"]
[BlackElo "2615"]

1.d4 Nf6 2.c4 g6 3.f3 Bg7 4.e4 e5 5.d5 Nxe4 6.fxe4 Qh4+ 7.Kd2 Qxe4 8.Qe2 Qh4
9.Nc3 d6 10.Kc2 Bf5+ 11.Kb3 c6 12.Be3 b5 13.cxb5 cxd5 14.g3 Qd8 15.Bg2 d4
16.Bxa8 Nd7 17.Bc6 O-O 18.Na4 Be6+ 19.Ka3 dxe3 20.Nf3 d5 21.Qxe3 Qe7+ 22.b4 d4
23.Qg5 Qd6 24.Rac1 Nb6 25.Nd2 f5 26.Nxb6 axb6 27.Nc4 Qc7 28.Rhe1 d3 29.Qe3 Qa7+
30.Kb3 e4 31.g4 Rd8 32.gxf5 gxf5 33.Rc3 Rd4 34.Rg1 Rxc4 35.Rxg7+ Qxg7 36.Rxc4 Qf7
37.Qg5+ Kf8 38.Qd8+ Kg7 39.Qg5+ Kf8 40.Qd8+ Kg7 41.Qxb6 Bxc4+ 42.Kc3 Bxa2
43.Qb7 Qxb7 44.Bxb7 e3 45.Bf3 Bb1 46.b6 d2 47.Kd4 Be4 48.Be2 Kf6 49.Kxe3 Ke5
50.Kxd2 h6 51.Ba6 Kd6 52.Bd3 Bg2 53.Ke3 Kc6 54.Kf4 Kxb6 55.Kxf5 Bf3 56.Kg6 h5
57.Kg5 Bd1 58.h4 Kc6 59.Bg6 Kb5 60.Bxh5 Bb3 61.Be8+ Kxb4 62.h5  1-0

[Event "Bundesliga 2007-8"]
[Site "Werder Bremen GER"]
[Date "2007.12.08"]
[Round "5"]
[White "Anand,V"]
[Black "McShane,L"]
[Result "1/2-1/2"]
[WhiteElo "2801"]
[BlackElo "2592"]

1.e4 e5 2.Nf3 Nc6 3.Bb5 Nf6 4.O-O Nxe4 5.d4 Nd6 6.Bxc6 dxc6 7.dxe5 Nf5 8.Qxd8+ Kxd8
9.Nc3 h6 10.h3 Bd7 11.b3 Ne7 12.Bb2 c5 13.Rad1 Kc8 14.Rd2 b6 15.Ne2 Ng6 16.Rfd1 Be6
17.Ng3 Kb7 18.Nh5 Rg8 19.Rd8 Rxd8 20.Rxd8 c6 21.g4 Kc7 22.Rd1 Be7 23.Ne1 Nh4
24.Kh2 g5 25.f4 gxf4 26.Nxf4 Bg5 27.Bc1 c4 28.Nxe6+ fxe6 29.Bxg5 hxg5 30.bxc4 Rf8
31.Kg1 Rf4 32.Rd6 Re4 33.Nd3 Rxc4 34.Rxe6 Rxc2 35.Re7+ Kd8 36.Rxa7 Nf3+ 37.Kf1 Nh2+
38.Ke1 Nf3+ 39.Kf1 Nh2+  1/2-1/2

[Event "Bundesliga 2007-8"]
[Site "Godesberg GER"]
[Date "2008.02.09"]
[Round "8"]
[White "McShane,L"]
[Black "Ivanchuk,V"]
[Result "0-1"]
[WhiteElo "2592"]
[BlackElo "2751"]

1.e4 e5 2.Nf3 Nc6 3.Bb5 a6 4.Ba4 Nf6 5.O-O Nxe4 6.d4 b5 7.Bb3 d5 8.dxe5 Be6
9.Nbd2 Be7 10.Re1 Nc5 11.c3 d4 12.Bxe6 Nxe6 13.cxd4 Ncxd4 14.Nxd4 Qxd4 15.Qc2 Qc5
16.Qe4 Rd8 17.Nf3 Qd5 18.Qc2 Bb4 19.Rf1 Bc5 20.Bg5 Qd3 21.Rac1 Qxc2 22.Rxc2 Rd3
23.Rfc1 Bb6 24.Bd2 O-O 25.Kf1 Rfd8 26.Ke2 h6 27.Rc3 R3d5 28.Be3 c5 29.Ra3 a5
30.Rac3 a4 31.b3 Ba5 32.R3c2 axb3 33.axb3 Bb4 34.Ra2 g5 35.h3 Rd3 36.Rb1 Bc3
37.Ra6 R3d5 38.Rb6 b4 39.Rc1 Bxe5 40.Nxe5 Rxe5 41.Kf3 Rd3 42.g4 Rxb3 43.Kg2 Kg7
44.Rb5 Rexe3 45.fxe3 Rxe3 46.Rh1 b3 47.h4 c4 48.hxg5 hxg5 49.Kf2 Re2+ 50.Kxe2 Nd4+
51.Kd2 Nxb5  0-1

[Event "Bundesliga 2007-8"]
[Site "Hamburg GER"]
[Date "2008.03.09"]
[Round "11"]
[White "McShane,L"]
[Black "Stellwagen,D"]
[Result "1/2-1/2"]
[WhiteElo "2592"]
[BlackElo "2625"]

1.e4 c5 2.Nf3 e6 3.d3 Nc6 4.g3 Nge7 5.h4 d5 6.c3 b6 7.Bg2 Ba6 8.e5 Qc7 9.O-O Nf5
10.Re1 Be7 11.Bf4 Qd7 12.Na3 h6 13.Nc2 O-O-O 14.Rb1 Rdg8 15.b4 g5 16.hxg5 hxg5
17.Bc1 Bb7 18.d4 cxb4 19.cxb4 Kb8 20.a3 f6 21.b5 Na5 22.exf6 Bxf6 23.Ne3 Nxe3
24.Bxe3 Nc4 25.Qd3 Qg7 26.a4 Bc8 27.Rbc1 Bd7 28.Ne5 Bxe5 29.Rxc4 Qh7 30.Qxh7 Rxh7
31.Rc2 Bf6 32.Rec1 Rc8 33.Rxc8+ Bxc8 34.Bf3 Bd7 35.Be2 Be8 36.Kg2 Kb7 37.Bg4 Bd7
38.Kf3 a6 39.bxa6+ Kxa6 40.Kg2 Kb7 41.f4 Rg7 42.fxg5 Bxg5 43.Bxg5 Rxg5 44.Kf3 Rg8
45.Bh5 e5 46.dxe5 Rg5 47.e6 Bxe6 48.Be8 Rf5+ 49.Ke3 Re5+ 50.Kf4 Rf5+ 51.Ke3  1/2-1/2

[Event "4NCL 2008-9"]
[Site "Staverton ENG"]
[Date "2009.05.02"]
[Round "9"]
[White "McShane,L"]
[Black "D'Costa,L"]
[Result "1-0"]
[WhiteElo "2596"]
[BlackElo "2485"]

1.e4 c5 2.Nf3 e6 3.b3 b6 4.Bb2 Bb7 5.Qe2 d6 6.d4 cxd4 7.Nxd4 Nf6 8.Nc3 a6
9.O-O-O Nbd7 10.g4 b5 11.Bg2 Nb6 12.f4 b4 13.Nd5 exd5 14.exd5+ Qe7 15.Qd3 O-O-O
16.Nc6 Qc7 17.Nxb4 Nxg4 18.Bd4 Nd7 19.Nc6 Nc5 20.Qe2 h5 21.Nxd8 Qxd8 22.Rhe1 Nd7
23.Ba7 Ndf6 24.Rd4 Qa5 25.Ra4 Qb5 26.Rc4+ Kd7 27.a4 Qa5 28.b4 Qd8 29.Qd3 Be7
30.a5 Ke8 31.Bb6 Qb8 32.Rc7 Nd7 33.Qe4 Nge5 34.fxe5 Bg5+ 35.Kb1 Nxe5 36.Qf5 Bf6
37.Bh3 Kf8 38.c4  1-0

[Event "4NCL 2008-9"]
[Site "Staverton ENG"]
[Date "2009.05.04"]
[Round "11"]
[White "McShane,L"]
[Black "Gordon,S"]
[Result "1-0"]
[WhiteElo "2596"]
[BlackElo "2540"]

1.e4 c5 2.Nf3 d6 3.Nc3 Nf6 4.e5 dxe5 5.Nxe5 Nbd7 6.Nc4 e6 7.Be2 Nb6 8.b3 Be7
9.O-O O-O 10.Bf3 Nfd5 11.Bb2 Nxc3 12.Bxc3 Nxc4 13.bxc4 Bf6 14.Bxf6 Qxf6 15.Qc1 Qf4
16.d3 Qxc1 17.Rfxc1 Rb8 18.Rab1 b6 19.Rb3 Bb7 20.Bxb7 Rxb7 21.a4 Rfb8 22.Kf1 Kf8
23.a5 Ke7 24.axb6 axb6 25.Ra1 g5 26.Ke2 h5 27.h4 gxh4 28.Rh1 Rg8 29.Kf3 Rg4
30.Rhb1 Rg5 31.Rxb6 Rf5+ 32.Ke2 Rxb6 33.Rxb6 Rg5 34.Kf1 Rf5 35.Rb1 Kd6 36.Re1 Rf4
37.Re3 Rg4 38.Rh3 Ke5 39.f3 Rf4 40.Ke2 Kf6 41.Rh1 Kg5 42.Kf2 Rf5 43.Re1 Kf4
44.Re4+ Kg5 45.Ke3 e5 46.Ke2 f6 47.Ke3 h3 48.gxh3 Kg6 49.Kf2 Kf7 50.Re1 Ke6
51.Ra1 Kd6 52.Ra6+ Kc7 53.Ra7+ Kd6 54.Rf7 Rf4 55.Rh7 Rf5 56.Rh8 Kd7 57.Rh7+ Kd6
58.Rh6 Kd7 59.Ke3 Kd6 60.Rh8 Kc6 61.Rc8+ Kd6 62.Kf2 Rf4 63.Kg3 Rf5 64.h4 Rf4
65.c3 Rf5 66.Rd8+ Kc6 67.d4 exd4 68.f4  1-0

[Event "7th Staunton Memorial"]
[Site "London ENG"]
[Date "2009.08.08"]
[Round "1"]
[White "McShane,L"]
[Black "Sokolov,Ivan"]
[Result "0-1"]
[WhiteElo "2620"]
[BlackElo "2655"]

1.e4 e5 2.Nf3 Nc6 3.Bc4 Nf6 4.d3 Bc5 5.c3 Bb6 6.Bb3 d6 7.h3 Ne7 8.Nbd2 c6
9.Nc4 Bc7 10.Qc2 Ng6 11.g3 d5 12.Ne3 h6 13.Bd2 Be6 14.c4 Ne7 15.g4 d4 16.Nf5 Bxf5
17.exf5 e4 18.dxe4 d3 19.Qc3 O-O 20.Bc2 dxc2 21.Qxc2 c5 22.e5 Nd7 23.O-O-O Nxe5
24.Bxh6 Qb8 25.Bxg7 Kxg7 26.Ng5 Ng8 27.Qc3 Nf6 28.Kb1 Nc6 29.Rd7 Nd4 30.Ne6+ Nxe6
31.g5 Nxg5 32.Rg1 Bf4 33.h4 Qe5 34.Rxg5+ Kh8  0-1

[Event "7th Staunton Memorial"]
[Site "London ENG"]
[Date "2009.08.11"]
[Round "4"]
[White "Werle,J"]
[Black "McShane,L"]
[Result "0-1"]
[WhiteElo "2575"]
[BlackElo "2620"]

1.d4 Nf6 2.c4 g6 3.Nc3 Bg7 4.e4 d6 5.Nf3 O-O 6.Be2 e5 7.O-O Nbd7 8.Be3 Re8
9.d5 Nh5 10.g3 Bf8 11.Ne1 Ng7 12.Nd3 f5 13.f3 Be7 14.Qd2 a5 15.Rac1 b6 16.b4 axb4
17.Nxb4 Bb7 18.Nc6 Bxc6 19.dxc6 Nc5 20.Rcd1 Nce6 21.Nd5 Rf8 22.Bd3 f4 23.gxf4 exf4
24.Nxf4 Nxf4 25.Bxf4 Ne6 26.Be3 Bg5 27.f4 Bxf4 28.Rxf4 Qg5+ 29.Kh1 Rxf4 30.c5 Qh5
31.Bxf4 Qf3+ 32.Kg1 Nxf4 33.Bf1 Qg4+ 34.Kh1 Qf3+ 35.Kg1 bxc5 36.Re1 Qg4+
37.Kh1 Qf3+ 38.Kg1 Rf8 39.a4 Qg4+ 40.Kh1 Qf3+ 41.Kg1 Nh3+ 42.Bxh3 Qxh3 43.a5 c4
44.Qe2 Qc3 45.Rd1 Qxa5 46.Qxc4+ Kg7 47.Qd4+ Rf6 48.Kh1 Qb5 49.Qc3 Qe2 50.Re1 Qg4
51.Re3 Qd1+ 52.Re1 Qg4 53.Qd3 Qh4 54.Re3 Re6 55.Re2 Re5 56.Qc3 Qf6 57.Qh3 Rh5
58.Qd7+ Kh6 59.Rg2 Qf1+ 60.Rg1 Qf3+  0-1

[Event "7th Staunton Memorial"]
[Site "London ENG"]
[Date "2009.08.12"]
[Round "5"]
[White "McShane,L"]
[Black "Smeets,J"]
[Result "1/2-1/2"]
[WhiteElo "2620"]
[BlackElo "2632"]

1.e4 e5 2.Nf3 Nf6 3.Nxe5 d6 4.Nf3 Nxe4 5.Qe2 Qe7 6.d3 Nf6 7.Bg5 Qxe2+ 8.Bxe2 Be7
9.Nc3 c6 10.O-O-O Na6 11.Rhe1 Nc7 12.h3 h6 13.Bf4 Bf5 14.Nd4 Bh7 15.Ne4 O-O-O
16.Bg3 Ne6 17.Nxf6 Bxf6 18.Nxe6 fxe6 19.d4 Kd7 20.Bg4 Bf5 21.d5 Bxg4 22.dxe6+ Ke7
23.hxg4 h5 24.gxh5 Rxh5 25.Rd3 Ra5 26.a3 Rf5 27.b3 Be5 28.Kd2 Bxg3 29.Rxg3 Rxf2+
30.Ke3 Rf5 31.Rxg7+ Kxe6 32.Rxb7 Re5+ 33.Kd2 Rg8 34.Rxe5+ Kxe5 35.Re7+ Kd4
36.Re2 a5 37.a4 d5 38.Rf2 Rg3 39.Kc1 c5 40.Rd2+ Ke4 41.Re2+ Kd4 42.Rd2+ Ke4
43.Kb2 d4 44.Rf2 Kd5 45.Kc1 c4 46.bxc4+ Kxc4 47.Kb2 Rg4 48.Rd2 Rg3 49.Re2 Rg4
50.Rd2  1/2-1/2

[Event "7th Staunton Memorial"]
[Site "London ENG"]
[Date "2009.08.13"]
[Round "6"]
[White "Sokolov,Ivan"]
[Black "McShane,L"]
[Result "1-0"]
[WhiteElo "2655"]
[BlackElo "2620"]

1.d4 Nf6 2.c4 g6 3.Nc3 Bg7 4.e4 d6 5.Bd3 O-O 6.Nge2 a6 7.h3 Nbd7 8.Be3 c5
9.O-O b6 10.a4 cxd4 11.Nxd4 Bb7 12.b4 Rc8 13.Nf3 a5 14.Rb1 axb4 15.Rxb4 Nc5
16.Qb1 Nfd7 17.Nd5 Bc6 18.Nxb6 Nxb6 19.Rxb6 Nxa4 20.Rb4 Nc5 21.Nd4 Bd7 22.Qc2 Ra8
23.Rfb1 Ra3 24.Be2 Qa8 25.Bf3 Be5 26.Nb5 Ra2 27.Qd1 Bc6 28.Nc7 Qa7 29.Nd5 Rc8
30.Bg4 e6 31.Rb6 Kg7 32.f4 Ba4 33.Qf3 Ba1 34.Kh2 Bd7 35.Rxd6 Kf8 36.Nb6 Qc7
37.Bxc5  1-0

[Event "7th Staunton Memorial"]
[Site "London ENG"]
[Date "2009.08.15"]
[Round "8"]
[White "Van Wely,L"]
[Black "McShane,L"]
[Result "1-0"]
[WhiteElo "2655"]
[BlackElo "2620"]

1.d4 Nf6 2.c4 g6 3.Nc3 Bg7 4.e4 d6 5.Nf3 O-O 6.Be2 e5 7.O-O Nbd7 8.Be3 Re8
9.d5 Nh5 10.g3 Bf8 11.Ne1 Ng7 12.Nd3 f5 13.f3 a5 14.a3 Be7 15.Rc1 b6 16.b4 axb4
17.axb4 Ba6 18.Nb5 Nf6 19.Nf2 Bxb5 20.cxb5 f4 21.gxf4 exf4 22.Bxf4 Nfh5 23.Bd2 Bg5
24.Nh3 Bxd2 25.Qxd2 Qh4 26.Kg2 Re7 27.Rc4 Qf6 28.Rfc1 Ra7 29.R1c2 Ne8 30.f4 Neg7
31.R2c3 h6 32.Rf3 Qa1 33.Bd3 Ra2 34.Rc2 Rxc2 35.Bxc2 Qf6 36.Qf2 Kh7 37.Bb1 Qa1
38.Qc2 Qd4 39.Qc3 Qxc3 40.Rxc3 Nf6 41.Kf3 Nge8 42.Rc1 Kg7 43.Rg1 Kf7 44.Bd3 Nd7
45.Ke3 Nef6 46.Kd4 g5 47.fxg5 hxg5 48.Nxg5+ Ke8 49.Rf1 Rg7 50.h4 Rg8 51.Rc1 Rh8
52.Nf3 Kd8 53.Rg1 Ke7 54.Be2 Rh5 55.Ke3 Rh8 56.Nd4 Kf7 57.h5 Ra8 58.Ne6 Ra3+
59.Kf4 Ne8 60.h6 Ndf6 61.h7 Nxh7 62.Bh5+ Ke7 63.Bxe8 Kxe8 64.Rg8+ Ke7 65.Rg7+  1-0

[Event "7th Staunton Memorial"]
[Site "London ENG"]
[Date "2009.08.16"]
[Round "9"]
[White "McShane,L"]
[Black "Werle,J"]
[Result "1/2-1/2"]
[WhiteElo "2620"]
[BlackElo "2575"]

1.e4 e5 2.Nf3 Nc6 3.Bc4 Nf6 4.d3 Bc5 5.c3 d6 6.Bb3 a6 7.h3 Ba7 8.Nbd2 O-O
9.Nf1 d5 10.Qe2 Be6 11.Ng3 dxe4 12.dxe4 Bxb3 13.axb3 Ne8 14.Nd2 Nd6 15.Nc4 Nxc4
16.bxc4 Ne7 17.O-O Qd6 18.b3 Rfd8 19.Ba3 Qf6 20.Rfd1 g6 21.Nf1 Qe6 22.Nh2 h5
23.Nf3 Kg7 24.Ra2 Rxd1+ 25.Qxd1 Ng8 26.Rd2 Nf6 27.Ng5 Qc6 28.Qf3 Re8 29.Kh2 b5
30.cxb5 axb5 31.g3 Bc5 32.Bxc5 Qxc5 33.Kg2 Qe7 34.Qe3 c6 35.h4 Rd8 36.Rxd8 Qxd8
37.Qa7 Qd7 38.Qxd7  1/2-1/2

[Event "7th Staunton Memorial"]
[Site "London ENG"]
[Date "2009.08.17"]
[Round "10"]
[White "Smeets,J"]
[Black "McShane,L"]
[Result "1-0"]
[WhiteElo "2632"]
[BlackElo "2620"]

1.e4 e5 2.Nf3 Nc6 3.Bb5 Nf6 4.O-O Nxe4 5.d4 Nd6 6.Bxc6 dxc6 7.dxe5 Nf5 8.Qxd8+ Kxd8
9.Nc3 h6 10.h3 Ne7 11.Be3 Ng6 12.Rad1+ Ke8 13.a3 Be7 14.Rfe1 Nf8 15.Nd4 c5
16.Nd5 Bd8 17.Ne2 b6 18.Ng3 Ne6 19.Ne4 Kf8 20.f4 c6 21.Ndc3 g6 22.Nd6 Kg7
23.Nce4 h5 24.f5 gxf5 25.Nxf5+ Kg6 26.Rf1 Ng7 27.Nxg7 Kxg7 28.Nd6 f6 29.exf6+ Bxf6
30.Nxc8 Raxc8 31.Rd7+ Kg6 32.Rd6 Rhf8 33.Bd2 Rcd8 34.Rfxf6+  1-0

[Event "Bundesliga 2009-10"]
[Site "Hamburg GER"]
[Date "2009.10.17"]
[Round "1"]
[White "Rabiega,R"]
[Black "McShane,L"]
[Result "1/2-1/2"]
[WhiteElo "2531"]
[BlackElo "2615"]

1.e4 e5 2.Nf3 Nc6 3.Bc4 Bc5 4.c3 Nf6 5.d3 d6 6.Bb3 Bb6 7.Nbd2 Ne7 8.h3 c6
9.Nf1 Ng6 10.Ng3 O-O 11.O-O d5 12.Re1 Re8 13.Bg5 Qd6 14.Bxf6 Qxf6 15.exd5 cxd5
16.d4 Bxh3 17.gxh3 e4 18.Bxd5 exf3 19.Qxf3 Nf4 20.Bxb7 Rab8 21.Kf1 Re6 22.Bd5 Nxd5
23.Qxd5 Bc7 24.Rxe6 fxe6 25.Qg2 Rxb2 26.Ne4 Qf5 27.Nc5 Rb1+ 28.Rxb1 Qxb1+
29.Ke2 Qc2+ 30.Ke3 Qxc3+ 31.Nd3 Bf4+ 32.Kxf4 Qxd3 33.Qa8+ Kf7 34.Qxa7+ Kf6
35.f3 h5 36.h4 Qd2+ 37.Kg3 g5 38.hxg5+ Qxg5+ 39.Kh3 Qf5+ 40.Kg3 Qg5+ 41.Kh3 Qf5+  1/2-1/2